000 00637nam a2200169 i 4500
001 190148
003 ES-MaACL
005 20250806025309.0
008 200902s1882 sp |||| | spa d
245 0 0 _aVelada en honor de Exmo. e Ilmo. Señor D. José Moreno Nieto celebrada por el Ateneo Científico, Literario y Artístico de Madrid el 4 de marzo de 1882.
260 _aMadrid :
_b[s.n.],
_c[1882] (
_fImp. Central a cargo de Victor Saiz)
300 _ap. ;
_c22 cm.
600 1 4 _aMoreno Nieto, José,
_d1825-1882
_983416
710 2 _aAteneo de Madrid.
_91875
852 _aES-MaACL
_jT-355-F-11
999 _c190148
_d190148